Logo marque de voitures - Statistiques

Statistiques générales
  • Ce quiz a été pris 212 fois
    158 depuis la dernière actualisation
  • Le résultat moyen est 29 sur 32
Statistiques - réponses
Par images Réponse % Correct
citroen
100%
tesla
100%
audi
99%
toyota
99%
bmw
98%
jaguar
98%
mini
98%
ford
97%
opel
97%
suzuki
97%
chevrolet
96%
ferrari
96%
peugeot
96%
skoda
96%
volkswagen
95%
bentley
94%
honda
94%
lamborghini
94%
nissan
94%
porsche
94%
fiat
91%
hyundai
91%
lexus
91%
seat
91%
volvo
87%
mazda
85%
maserati
84%
subaru
80%
mitsubishi
79%
mustang
74%
corvette
65%
infiniti
65%
Aucun quiz correspondant
Distribution des résultats
% des personnes avec chaque résultat
Percentile par nombre de réponses
Votre historique - résultats
Vous n’avez pas pris ce quiz depuis la dernière actualisation